Mémoires du duc de Saint-Simon / (Registro nro. 164346)

Detalles MARC
000 -LEADER
campo de control de longitud fija 01447nam a2200253 i 4500
001 - NÚMERO DE CONTROL
campo de control 164346
003 - IDENTIFICADOR DE NÚMERO DE CONTROL
campo de control ES-MaACL
005 - FECHA Y HORA DE LA ÚLTIMA TRANSACCIÓN
campo de control 20260130141737.0
008 - DATOS DE LONGITUD FIJA--INFORMACIÓN GENERAL
campo de control de longitud fija 990901m18731881fr |||| | fre d
040 ## - FUENTE DE CATALOGACIÓN
Centro catalogador/agencia de origen CAM
Lengua de catalogación spa
Centro/agencia transcriptor CAM
100 1# - ENTRADA PRINCIPAL--NOMBRE DE PERSONA
Nombre de persona Saint-Simon, Louis de Rouvroy,
Títulos y otros términos asociados al nombre duc de,
Fechas asociadas al nombre 1675-1755
9 (RLIN) 132295
245 10 - MENCIÓN DEL TÍTULO
Título Mémoires du duc de Saint-Simon /
Mención de responsabilidad, etc. publiés par Chéruel et Ad. Regnier fils; et collationnés de nouveau pour cette édition sur le manuscrit autographe avec une notice de Sainte-Beuve.
260 ## - PUBLICACIÓN, DISTRIBUCIÓN, ETC.
Lugar de publicación, distribución, etc. Paris :
Nombre del editor, distribuidor, etc. Librairie Hachette,
Fecha de publicación, distribución, etc. 1873-1881 (
Fabricante Imprimerie Cusset et cie)
300 ## - DESCRIPCIÓN FÍSICA
Extensión 20 v. ;
Dimensiones 18 cm.
594 ## - Nota al título y mención de responsabilidad
Nota al título y mención de responsabilidad El t. 20 corresponde a la Table alphabétique rédigé par Paul Guérin.
596 ## - NOTA AL PIE DE IMPRENTA
NOTA AL PIE DE IMPRENTA Los t.1 al 19 fechados entre 1873-1875.
651 #4 - PUNTO DE ACCESO ADICIONAL DE MATERIA--NOMBRE GEOGRÁFICO
Nombre geográfico Francia-
Subdivisión general Historia-
Subdivisión cronológica 1643-1715, Luis XIV.
9 (RLIN) 8682
651 #4 - PUNTO DE ACCESO ADICIONAL DE MATERIA--NOMBRE GEOGRÁFICO
Nombre geográfico Francia-
Subdivisión general Historia-
Subdivisión cronológica 1715-1723, Regencia.
9 (RLIN) 152768
700 1# - ENTRADA AGREGADA--NOMBRE PERSONAL
Nombre de persona Cheruel, Adolphe,
Fechas asociadas al nombre 1809-1891
9 (RLIN) 159360
700 1# - ENTRADA AGREGADA--NOMBRE PERSONAL
Nombre de persona Regnier, Adolphe.
9 (RLIN) 168568
700 1# - ENTRADA AGREGADA--NOMBRE PERSONAL
Nombre de persona Sainte-Beuve, Charles-Augustin,
Fechas asociadas al nombre 1804-1869
9 (RLIN) 162958
852 ## - LOCALIZACIÓN
Ubicación ES-MaACL
Nota libre C-18621-40
-- -- Enc. hol.
condición física -- Falta el T. I
Encuadernación -- Edic.: Según BN Opale-plus son 22 v. T. XX: Table analytique rédigée par l'auteur lui-même -- T. XXI. Supplément publié par A. de Boislisle -- T. XXII. Table alphabétique rédigée par Paul Guérin -- Añadir T600 Saint-Simon, Louis de Rouvroy, Duc de, 1675-1755-Biografías
Existencias
Estatus retirado Estado de pérdida Estado de daño No para préstamo Colección Biblioteca de origen Biblioteca actual Ubicación en estantería Fecha de adquisición Total de préstamos Signatura topográfica completa Código de barras Visto por última vez Precio de reemplazo Tipo de ítem Koha
        Libros del s. XIX Biblioteca del Ateneo de Madrid Biblioteca del Ateneo de Madrid Mesetón 17/01/2008   C-18621-40 1172261 23/02/2023 23/02/2023 Libro impreso antiguo